000 00512nam a2200205 a 4500
001 3890
003 CO-ViMGA
008 141112s2004 ck r 000 u spa d
020 _a843220692X
040 _aCO-ViMGA
_bspa
_cCO-ViMGA
082 0 4 _aMe 864.44 P19L
100 1 _aPaz, Octavio
245 1 0 _aLa llamada doble :
_bamor y erotismo
250 _a5a
260 _aBarcelona :
_bSix Borral,
_c1993
300 _a223 p : il
490 _aBiblioteca breve
650 1 4 _aENSAYOS MEXICANOS
942 _2ddc
_cBK
999 _c15908
_d15908